Gens par pays n°5 - Statistiques

Statistiques générales
  • Ce quiz a été pris 54 fois
  • Le résultat moyen est 16 sur 24
Statistiques - réponses
personne pays % Correct
Louis XIV France
100%
Salvador Dalí Espagne
98%
Angela Merkel Allemagne
94%
Hillary Clinton Etats-Unis
94%
Vincent Van Gogh Pays-Bas
94%
Jean-Claude Van Damme Belgique
92%
Pape François Argentine
88%
Fernand de Magellan Portugal
88%
Lula da Silva Brésil
79%
Jawaharlal Nehru Inde
73%
Sophia Loren Italie
69%
Ingrid Bergman Suède
67%
Alexandre le Grand Grèce
65%
Lily Allen Royaume-Uni
63%
Nicolas Copernic Pologne
60%
Rihanna Barbade
58%
Shaka Zulu Afrique du Sud
50%
Joseph Staline Géorgie
48%
Niki Lauda Autriche
46%
François Duvalier Haïti
46%
Moctezuma Mexique
31%
William Shatner Canada
27%
Ang Lee Taïwan
27%
Miranda Kerr Australie
17%
Aucun quiz correspondant
Distribution des résultats
% des personnes avec chaque résultat
Percentile par nombre de réponses
Votre historique - résultats
Vous n’avez pas pris ce quiz